000 00570nam a22001575i 4500
001 153665
003 ES-MaACL
005 20230906205330.0
008 980218s1851 po |||| | por d
040 _aCAM
_bspa
_cCAM
245 0 0 _aEnsaio analytico das aguas ferreas de S. Tiago de Fraiao nos suburbios de Braga.
260 _aBraga :
_b[s.n.],
_c1851 (
_ftypographia Bracharense)
300 _a32 p. ;
_c21 cm.
650 0 0 _aAguas minerales-
_zPortugal.
_99699
852 _aES-MaACL
_jT-9-F-3
_z-- Enc. hol.
_q-- Falto de la cub. original
_z-- Enc. en un vol. facticio
999 _c153665
_d153665